| 000 | 01919nam a2200433Ii 4500 | ||
|---|---|---|---|
| 001 | DIGCELACP0003 | ||
| 003 | NyNyDIG | ||
| 006 | m o d | ||
| 007 | cr ||||||||||| | ||
| 008 | 180221s2016 pe a ob 000 0dspa d | ||
| 035 | _a(OCoLC)962731978 | ||
| 040 |
_aDGITA _beng _erda _epn _cDGITA |
||
| 020 |
_a9786124731006 _q(eBook) |
||
| 020 |
_a6124731002 _q(eBook) |
||
| 020 | _z9786124714061 | ||
| 020 | _z612471406X | ||
| 050 | 1 | 4 | _aPQ8498.25.L34 ebook |
| 082 | 0 | 4 | _a868.64 |
| 245 | 0 | 0 |
_aEsta mística de relatar cosas sucias : _bensayos en torno a la obra de Carmen Ollé / _cMariela Dreyfus Vallejos, Bethsabé Huamán Andía, Rocío Silva Santisteban (editoras). |
| 250 | _aEdición digital. | ||
| 264 | 1 |
_aLima : _bCentro de Estudios Literarios "Antonio Cornejo Polar" : _bLatinoamericana Editores, _c2016. |
|
| 300 |
_a1 online resource : _billustrations. |
||
| 336 |
_atext _btxt _2rdacontent |
||
| 337 |
_acomputer _bc _2rdamedia |
||
| 338 |
_aonline resource _bcr _2rdacarrier |
||
| 504 | _aIncludes bibliographical references. | ||
| 588 | 0 | _aOnline resource; title from PDF title page (Digitalia, viewed February 23, 2018) | |
| 600 | 1 | 0 |
_aOllé, Carmen _xCriticism and interpretation. |
| 655 | 0 | _aElectronic books. | |
| 700 | 1 |
_aDreyfus, Mariela, _d1960- _eeditor. |
|
| 700 | 1 |
_aHuamán Andía, Bethsabé, _eeditor. |
|
| 700 | 1 |
_aSilva Santisteban, Rocío, _d1963- _eeditor. |
|
| 791 | 2 |
_aDigitalia (Firm), _edistributor. |
|
| 793 | 0 |
_gDigitalia eBook Collection: _aCentro de Estudios Literarios Antonio Cornejo Polar (CELACP) |
|
| 776 | 0 | 8 |
_iPrint version: _tEsta mística de relatar cosas sucias. _bPrimera edición. _dLima : Centro de Estudios Literarios "Antonio Cornejo Polar" : Latinoamericana Editores, 2016 _z9786124714061 _w(OCoLC)983217087 |
| 856 | 4 | 0 |
_3Digitalia Hispánica _uhttps://www.digitaliapublishing.com/a/49612/ |
| 910 | _aPremium collection: 2018 | ||
| 942 | _cRAA | ||
| 999 |
_c251533 _d251533 |
||